[Event "Bundesliga (2nd) West 1998/99"]
[Site "masterchessopen.com Germany"]
[Round "0"]
[White "Gurevich Mikhail (TUR)"]
[Black "Davies Nigel R (ENG)"]
[Result "1-0"]
[WhiteElo "2643"]
[BlackElo "2518"]

1.d4 Nf6 2.c4 e6 3.Nc3 Bb4 4.Qc2 d5 5.a3 Bxc3+ 6.Qxc3 dxc4 7.Qxc4 b6 8.Nf3 Ba6
9.Qc2 Nbd7 10.g3 O-O 11.Bg2 Bb7 12.Bf4 Be4 13.Qd2 Qb8 14.Rc1 Rc8 15.O-O Qb7
16.Rfd1 h6 17.Ne1 Bxg2 18.Nxg2 c5 19.dxc5 Nxc5 20.f3 Ncd7 21.Be3 Rxc1 22.Rxc1
Rc8 23.Rxc8+ Qxc8 24.Bd4 e5 25.Bc3 Qc5+ 26.Ne3 a5 27.Kg2 e4 28.f4 Kh7 29.h3 h5
30.g4 hxg4 31.hxg4 Qc7 32.g5 Nh5 33.Nd5 Qc4 34.e3 Kg8 35.Kf2 Qc5 36.Qd1 g6
37.Qd4 Qxd4 38.Bxd4 b5 39.Nc3 b4 40.axb4 axb4 41.Nxe4 Ng7 42.Ke2 Nf5 43.Kd3
{#r} 1-0

[Event "It \"]
[Site "masterchessopen.com London (England)"]
[Round "2"]
[White "Lalic Bogdan (ENG)"]
[Black "Plaskett Jim (ENG)"]
[Result "0-1"]
[WhiteElo "2550"]
[BlackElo "2513"]

1.d4 Nf6 2.c4 e6 3.Nc3 Bb4 4.Qc2 d5 5.a3 Bxc3+ 6.Qxc3 dxc4 7.Qxc4 b6 8.Bf4 Ba6
9.Qxc7 Qxc7 10.Bxc7 Nc6 11.Rc1 Nxd4 12.Be5 Nb3 13.Rc3 Nc5 14.Bxf6 gxf6 15.e3
Bxf1 16.Kxf1 O-O 17.Ke2 Rac8 18.Nf3 Na4 19.Rcc1 Nxb2 20.Nd4 Nc4 21.Rc3 Nd6
22.Rhc1 Rxc3 23.Rxc3 Rc8 24.Rd3 e5 25.Ne6 Nc4 26.Nd8 Kf8 27.Nb7 Ke7 28.a4 Rc7
29.Rc3 Rc6 30.Rd3 Nb2 31.Rd8 Nxa4 32.Ra8 Rc7 33.Rxa7 Nc3+ {#R} 0-1

[Event "Ch Iceland"]
[Site "masterchessopen.com Reykjavik (Iceland)"]
[Round "2"]
[White "Stefansson Hannes (ISL)"]
[Black "Einarsson Bergsteinn (ISL)"]
[Result "1-0"]
[WhiteElo "2584"]
[BlackElo "2241"]

1.d4 Nf6 2.c4 e6 3.Nc3 Bb4 4.Qc2 d5 5.a3 Bxc3+ 6.Qxc3 O-O 7.Nf3 Nbd7 8.cxd5
exd5 9.Bg5 c6 10.Qc2 Qc7 11.e3 Ne4 12.Bf4 Qd8 13.Bd3 Re8 14.O-O Nf8 15.h3 Ng6
16.Bh2 Qe7 17.Ne5 Nd6 18.Rae1 Be6 19.f3 f5 20.Kh1 Nxe5 21.dxe5 Nf7 22.g4 fxg4
23.Bxh7+ Kh8 24.hxg4 Qh4 25.Bg6 Rf8 26.Bxf7 Rxf7 27.Kg2 Qh7 28.Qxh7+ Kxh7
29.Bf4 d4 30.Kg3 d3 31.e4 c5 32.Bd2 Bb3 33.f4 b5 34.f5 c4 35.e6 Rc7 36.Rf2 Kg8
37.Rh1 Rac8 38.Rfh2 Kf8 39.Bb4+ {#r} 1-0

[Event "It (open)"]
[Site "masterchessopen.com Saint Vincent (Italy)"]
[Round "6"]
[White "Vera Reynaldo (CUB)"]
[Black "Davies Nigel R (ENG)"]
[Result "0-1"]
[WhiteElo "2538"]
[BlackElo "2518"]

1.d4 Nf6 2.c4 e6 3.Nc3 Bb4 4.Qc2 d5 5.a3 Bxc3+ 6.Qxc3 dxc4 7.Qxc4 b6 8.Nf3 O-O
9.Bg5 Ba6 10.Qc2 Nbd7 11.e4 Bxf1 12.Rxf1 Qe8 13.O-O-O c5 14.d5 exd5 15.Bxf6
dxe4 16.Bc3 exf3 17.Qf5 Nf6 18.Bxf6 gxf6 19.Qg4+ Kh8 20.Qxf3 Rd8 21.Qxf6+ Kg8
22.Qg5+ Kh8 23.Qf6+ Kg8 24.Qg5+ Kh8 25.Rxd8 Qxd8 26.Qxd8 Rxd8 27.Rd1 Rxd1+
28.Kxd1 Kg7 29.Kd2 Kf6 30.Kd3 Ke5 31.Kc4 a6 32.a4 Kd6 33.g4 Kc6 34.f4 b5+
35.axb5+ axb5+ 36.Kd3 Kd5 37.h4 c4+ 38.Ke3 b4 39.h5 c3 40.bxc3 bxc3 41.Kd3 c2
42.Kxc2 Ke4 {#R} 0-1

[Event "Ch Yugoslavia (team)"]
[Site "masterchessopen.com Vrnjacka Banja (Serbia)"]
[Round "0"]
[White "Ivanov Sergey_ (RUS)"]
[Black "Beliavsky Alexander G (SLO)"]
[Result "1-0"]
[WhiteElo "2538"]
[BlackElo "2618"]

1.d4 Nf6 2.c4 e6 3.Nc3 Bb4 4.Qc2 d5 5.a3 Bxc3+ 6.Qxc3 dxc4 7.Qxc4 b6 8.Nf3 O-O
9.g3 Bb7 10.Bg2 Bd5 11.Qc2 Nbd7 12.O-O c5 13.Bg5 Rc8 14.Qa4 Bc6 15.Qc4 h6
16.Bxf6 Qxf6 17.Rfd1 Bxf3 18.Bxf3 cxd4 19.Qxd4 Ne5 20.Kg2 Rc4 21.Qd2 g5 22.h3
Rfc8 23.Rac1 Kg7 24.Be4 R8c5 25.Bd3 Nxd3 26.exd3 Rxc1 27.Rxc1 Rd5 28.Rc7 a5
29.Qc3 Qxc3 30.Rxc3 Rb5 31.b3 Kf6 32.Kf3 h5 33.d4 Rf5+ 34.Ke2 Ke7 35.a4 Kd7
36.Rf3 Rxf3 37.Kxf3 f5 38.h4 gxh4 39.gxh4 Ke7 40.Kf4 Kf6 41.f3 {#r} 1-0

[Event "Ch Rheinhessen (open)"]
[Site "masterchessopen.com Woerrstadt (Germany)"]
[Round "3"]
[White "Lohr Matthias (GER)"]
[Black "Zolotarew Pawel (GER)"]
[Result "0-1"]
[WhiteElo "2113"]
[BlackElo "2176"]

1.d4 e6 2.c4 Nf6 3.Nc3 Bb4 4.Qc2 d5 5.a3 Bxc3+ 6.Qxc3 Nc6 7.Bf4 dxc4 8.e3 Nd5
9.Qxc4 Nxf4 10.exf4 Qxd4 11.Qxd4 Nxd4 12.O-O-O Nc6 13.Nf3 Bd7 14.Bb5 h6 15.f5
O-O-O 16.fxe6 fxe6 17.Rhe1 Rhe8 18.g3 Na5 19.Bf1 Bc6 20.Nd4 Bd5 21.Bh3 Nb3+
22.Kb1 Nxd4 23.Rxd4 Ba2+ 24.Kxa2 Rxd4 25.Re2 Rd6 26.Kb3 Kd7 27.Kc4 Ke7 28.f4
g6 29.g4 Red8 30.Re4 Kf6 31.b3 a6 32.a4 b6 33.b4 c6 34.a5 b5+ 35.Kc5 Ke7 36.f5
Kd7 37.fxe6+ Kc7 {#R} 0-1

[Event "Zt"]
[Site "masterchessopen.com Cairo (Egypt)"]
[Round "2"]
[White "Abdel Razik Khaled (EGY)"]
[Black "Makatia Alex (KEN)"]
[Result "1-0"]
[WhiteElo "2405"]
[BlackElo "1966"]

1.d4 Nf6 2.c4 e6 3.Nc3 Bb4 4.Qc2 d5 5.a3 Bxc3+ 6.Qxc3 O-O 7.Bg5 Nbd7 8.e3 h6
9.Bh4 a6 10.Rc1 c5 11.dxc5 Nxc5 12.Bxf6 gxf6 13.cxd5 Ne4 14.Qc7 Qxd5 15.Nf3
Bd7 16.Bc4 Qd6 17.Qa5 b5 18.Rd1 Qc5 19.Be2 Bc6 20.O-O Bd5 21.Nd4 f5 22.f3 Nf6
23.Qe1 Bb7 24.Qg3+ Kh7 25.Rc1 Qb6 26.Rc7 Nd5 27.Rd7 Nxe3 28.Rc1 Rad8 29.Rxd8
Qxd8 30.Nxe6 Rg8 31.Nxd8 Rxg3 32.hxg3 {#r} 1-0

[Event "Cup Mitropa"]
[Site "masterchessopen.com Charleville (France)"]
[Round "1"]
[White "Likavsky Tomas (SVK)"]
[Black "Cvitan Ognjen (CRO)"]
[Result "0-1"]
[WhiteElo "2409"]
[BlackElo "2541"]

1.d4 Nf6 2.c4 e6 3.Nc3 Bb4 4.Qc2 d5 5.a3 Bxc3+ 6.Qxc3 dxc4 7.Qxc4 b6 8.Nf3 O-O
9.Bg5 Ba6 10.Bxf6 Qxf6 11.Qxc7 Rc8 12.Qe5 Qg6 13.Qg5 Qc2 14.Qd2 Qb3 15.Rb1 Nc6
16.e3 Bxf1 17.Rxf1 Na5 18.Qd1 Rc2 19.Ne5 Rac8 20.Nd3 R8c3 21.Nc1 Qc4 22.Ne2
Rd3 23.Qxc2 Qxc2 24.Rc1 Qd2# 0-1

[Event "Memorial Ron Ranwell"]
[Site "masterchessopen.com London (England)"]
[Round "4"]
[White "Gupta Abhijeet (IND)"]
[Black "Kieran Rosalind (ENG)"]
[Result "1-0"]
[WhiteElo "2130"]
[BlackElo "2083"]

1.d4 Nf6 2.c4 e6 3.Nc3 Bb4 4.Qc2 d5 5.a3 Bxc3+ 6.Qxc3 dxc4 7.Qxc4 b6 8.Bg5 Bb7
9.Rc1 c6 10.Nf3 Nbd7 11.e4 h6 12.Bxf6 Nxf6 13.Bd3 Rc8 14.O-O O-O 15.b4 Nh5
16.Rfd1 Nf4 17.Bb1 Qe7 18.Qc2 f5 19.exf5 exf5 20.Re1 Qf6 21.Qd2 Nd5 22.Re5 Ne7
23.Rce1 Nd5 24.Rxf5 Qxf5 25.Bxf5 Rxf5 26.Qe2 Rf6 27.Qe5 Rcf8 28.Qe2 Nf4 29.Qe7
R6f7 30.Qd6 Nxg2 31.Ne5 Nxe1 32.Nxf7 Nf3+ 33.Kg2 Rxf7 34.Qd8+ Kh7 35.Qe8 c5
36.Qxf7 Be4 37.Kg3 cxd4 38.Qf4 Bb7 39.Qf5+ Kh8 40.Qd7 Ba6 41.Kxf3 {#r} 1-0

[Event "It (open)"]
[Site "masterchessopen.com Recklinghausen (Germany)"]
[Round "6"]
[White "Jordan Dieter"]
[Black "Fuhrmann Marc Andre (GER)"]
[Result "0-1"]
[WhiteElo "1719"]
[BlackElo "2008"]

1.d4 Nf6 2.c4 e6 3.Nc3 Bb4 4.Qc2 d5 5.a3 Bxc3+ 6.Qxc3 O-O 7.e3 b6 8.cxd5 exd5
9.Nf3 Bb7 10.Be2 Nbd7 11.b3 c5 12.Bb2 Rc8 13.Qd3 Qe7 14.Rc1 Rfe8 15.O-O Ne4
16.Rfd1 Nb8 17.Qb1 Nxf2 18.Bb5 Qxe3 19.Re1 Nh3+ {#R} 0-1

[Event "It (open)"]
[Site "masterchessopen.com Witley (England)"]
[Round "10"]
[White "Klein Bernhard M (ENG)"]
[Black "Kieran Rosalind (ENG)"]
[Result "1-0"]
[WhiteElo "2108"]
[BlackElo "2083"]

1.d4 Nf6 2.c4 e6 3.Nc3 Bb4 4.Qc2 d5 5.a3 Bxc3+ 6.Qxc3 dxc4 7.Qxc4 b6 8.Bf4 Nd5
9.Bg3 Ba6 10.Qa4+ Qd7 11.Qxd7+ Nxd7 12.e4 Bxf1 13.Kxf1 N5f6 14.f3 c5 15.Ne2
O-O 16.Kf2 cxd4 17.Nxd4 Nc5 18.b4 Na4 19.Rhc1 Rfd8 20.Ke3 Rd7 21.Rc2 Rad8
22.Nc6 Rd3+ 23.Ke2 R8d7 24.Ne5 Rc3 25.Rac1 Rdc7 26.Rxc3 Rxc3 27.Rxc3 Nxc3+
28.Kd3 Nb5 29.a4 Nd6 30.Nc6 Nc8 31.Kc4 Kf8 32.Kb5 Ke8 33.Ka6 Kd7 34.Nxa7 Nxa7
35.Kxa7 Kc6 36.b5+ Kc5 37.Bf2+ Kb4 38.Kxb6 Kxa4 39.Kc6 {#r} 1-0

[Event "It (open)"]
[Site "masterchessopen.com Feffernitz (Austria)"]
[Round "7"]
[White "Buerger Thomas (AUT)"]
[Black "Meschnig Manfred (AUT)"]
[Result "1-0"]
[WhiteElo "2097"]
[BlackElo "1966"]

1.d4 Nf6 2.c4 e6 3.Nc3 Bb4 4.Qc2 d5 5.a3 Bxc3+ 6.Qxc3 O-O 7.Bg5 h6 8.Bxf6 Qxf6
9.e3 c5 10.Nf3 b6 11.Ne5 cxd4 12.exd4 Bb7 13.c5 bxc5 14.Qxc5 Rc8 15.Qb4 Nc6
16.Nxc6 Bxc6 17.Ba6 Rcb8 18.Qc3 Rb6 19.Bd3 Rab8 20.b4 Ba4 21.O-O Rc6 22.Qd2
Rbc8 23.Rac1 Rxc1 24.Rxc1 Rxc1+ 25.Qxc1 Qd8 26.Qc5 Qb8 27.g3 g6 28.h4 h5
29.Be2 Qb6 30.b5 Qa5 31.Bf1 Kg7 32.Kg2 Bb3 33.Be2 Qa4 34.Qc3 Bc4 35.Bxc4 dxc4
36.d5+ Kf8 37.d6 {#r} 1-0

[Event "Ch Germany (juniors) (under 20) (team)"]
[Site "masterchessopen.com Hamburg (Germany)"]
[Round "5"]
[White "Sisow Georgi (GER)"]
[Black "Litwak Aleksej (GER)"]
[Result "0-1"]
[WhiteElo "2020"]
[BlackElo "2086"]

1.d4 Nf6 2.c4 e6 3.Nc3 Bb4 4.Qc2 d5 5.a3 Bxc3+ 6.Qxc3 dxc4 7.Qxc4 b6 8.Nf3 Ba6
9.Qc2 Bb7 10.e3 Nbd7 11.Bb5 O-O 12.Bc6 Bxc6 13.Qxc6 Re8 14.O-O e5 15.dxe5 Nxe5
16.Nxe5 Rxe5 17.b4 Re6 18.Qf3 Qd5 19.Qxd5 Nxd5 20.Bb2 c6 21.Rfd1 b5 22.Bd4 a5
23.Bc5 Nc3 24.Rf1 a4 25.f3 Rd8 26.e4 Rd3 27.Rf2 Re8 28.Rc2 Red8 29.Rac1 Rd1+
30.Kf2 Nb1 31.Bb6 R8d2+ 32.Ke3 Rd3+ 33.Ke2 Rxc1 34.Rxc1 Rb3 35.Rxc6 h6 36.Bc5
Rxa3 37.Rb6 Ra2+ 38.Ke3 Na3 39.Rb8+ Kh7 40.g3 Rxh2 41.f4 Nc2+ 42.Kd3 a3 43.Ra8
a2 44.Bd4 Nxb4+ 45.Kc3 Nc6 46.Be5 Rg2 47.Kb3 Rxg3+ 48.Kxa2 Nxe5 49.fxe5 Re3
{#R} 0-1

[Event "It (open)"]
[Site "masterchessopen.com Hamburg (Germany)"]
[Round "5"]
[White "Bruemmel Arend (GER)"]
[Black "Steinbrenner Juerg (GER)"]
[Result "0-1"]
[WhiteElo "2129"]
[BlackElo "2136"]

1.d4 Nf6 2.c4 e6 3.Nc3 Bb4 4.Qc2 d5 5.a3 Bxc3+ 6.Qxc3 O-O 7.Bg5 Nbd7 8.e3 h6
9.Bh4 g5 10.Bg3 Ne4 11.Qc2 c6 12.Bd3 Nxg3 13.hxg3 Kg7 14.Nf3 Qe7 15.Ne5 Nxe5
16.dxe5 c5 17.O-O-O b6 18.Be2 Bb7 19.Rxh6 Rh8 20.Rxh8 Rxh8 21.Bf3 dxc4 22.Qxc4
b5 23.Qxb5 Bxf3 24.gxf3 Qc7 25.Rd6 c4 26.Rd7 Qc8 27.Qb7 Qxb7 28.Rxb7 Rh2
29.Rxa7 Rxf2 30.f4 g4 31.Rc7 Rf3 32.e4 Rxg3 33.f5 Rg1+ 34.Kd2 g3 35.Ke3 Rf1
36.f6+ Kh6 37.Rc8 Kh7 38.Rf8 g2 39.Rxf7+ Kh6 40.Rg7 g1=Q+ 41.Rxg1 Rxg1 42.Kd4
Rc1 43.a4 Kg5 44.Kc5 Rc2 45.a5 Rxb2 46.Kxc4 Re2 {#R} 0-1

[Event "Ch France (open) (a)"]
[Site "masterchessopen.com Marseilles (France)"]
[Round "4"]
[White "Tholey Jean-Paul (FRA)"]
[Black "Teychene Jean-Louis (FRA)"]
[Result "0-1"]
[WhiteElo "2024"]
[BlackElo "2102"]

1.d4 Nf6 2.c4 e6 3.Nc3 Bb4 4.Qc2 d5 5.a3 Bxc3+ 6.Qxc3 O-O 7.Nf3 Nbd7 8.Bg5 c6
9.e3 Ne4 10.Bxd8 Nxc3 11.Bc7 Ne4 12.Bd3 Ndf6 13.h3 dxc4 14.Bxc4 b5 15.Be2 Bb7
16.O-O Rac8 17.Bh2 a5 18.Rfd1 a4 19.Ne5 Rfd8 20.Rac1 Nd7 21.Rc2 Nxe5 22.Bxe5
f6 23.Bh2 Kf7 24.Rdc1 Ke7 25.Bf3 Nd6 26.Bxc6 Bxc6 27.Rxc6 Nc4 28.Rxc8 Rxc8
29.g4 Kd7 30.Rc2 Nxa3 31.Re2 Rc2 32.Rxc2 Nxc2 33.e4 b4 34.Bf4 a3 35.bxa3 bxa3
36.Bc1 a2 37.Bb2 a1=Q+ {#R} 0-1

[Event "Olympiad"]
[Site "masterchessopen.com Bled (Slovenia)"]
[Round "10"]
[White "Kelly Brian (IRL)"]
[Black "Domingos Catarino (ANG)"]
[Result "1-0"]
[WhiteElo "2468"]
[BlackElo "2266"]

1.c4 Nf6 2.Nc3 e6 3.d4 Bb4 4.Qc2 d5 5.a3 Bxc3+ 6.Qxc3 O-O 7.Bg5 Nbd7 8.e3 b6
9.cxd5 exd5 10.Bb5 Bb7 11.Bxd7 Qxd7 12.Bxf6 gxf6 13.Ne2 Ba6 14.Nf4 Rac8 15.f3
Qd6 16.Kf2 Rfe8 17.Qd2 Rcd8 18.Rhd1 Re7 19.Rac1 Bb7 20.Rc3 Kh8 21.Qc2 Qd7
22.Nh5 Qe6 23.Nf4 Qd7 24.Qc1 Qd6 25.h3 Rg8 26.Qc2 Qd7 27.Kg1 Qd6 28.Qf2 Qd7
29.Rdc1 c6 30.Kh1 Qf5 31.Nd3 Rge8 32.Nf4 Rg8 33.b4 Rge8 34.Re1 Qg5 35.Kg1 Qf5
36.a4 h6 37.Qh4 Qg5 38.Qh5 Kg7 39.Kf2 f5 40.h4 Qf6 41.g4 fxg4 42.Qxg4+ Kh7
43.Rg1 Bc8 44.Nh5 Qh8 45.Qf4 f5 46.Rxc6 Be6 47.Rxe6 {#r} 1-0

[Event "Match \"]
[Site "masterchessopen.com Moscow (Russia)"]
[Round "3"]
[White "Bareev Evgeny (RUS)"]
[Black "Short Nigel D (ENG)"]
[Result "1-0"]
[WhiteElo "2729"]
[BlackElo "2690"]

1.d4 Nf6 2.c4 e6 3.Nc3 Bb4 4.Qc2 d5 5.a3 Bxc3+ 6.Qxc3 dxc4 7.Qxc4 b6 8.Nf3 Ba6
9.Qa4+ Qd7 10.Qc2 Nc6 11.Bg5 O-O 12.Rd1 Rac8 13.Ne5 Nxe5 14.dxe5 Qb5 15.Bxf6
gxf6 16.exf6 Qa5+ 17.Qc3 Qxc3+ 18.bxc3 Bb7 19.h4 Rfd8 20.Rh3 Be4 21.Re3 Bg6
22.g4 h6 23.Bg2 Rd6 24.f4 Rcd8 25.Rxd6 cxd6 26.Rg3 Bb1 27.g5 Kh7 28.e4 Rc8
29.h5 Rc5 30.Kd2 Rc4 31.g6+ Kg8 32.Re3 Rc5 33.Bf3 e5 34.f5 Ba2 35.Be2 Bb3
36.Rg3 d5 37.exd5 Rxd5+ 38.Rd3 Bc4 39.Rxd5 Bxd5 40.Ke3 Be4 41.Kxe4 {#r} 1-0

[Event "Ch Asia (juniors) (under 14)"]
[Site "masterchessopen.com Teheran (Iran)"]
[Round "2"]
[White "Gupta Abhijeet (IND)"]
[Black "Noroozi Omid (IRI)"]
[Result "1-0"]
[WhiteElo "2304"]
[BlackElo "2127"]

1.d4 Nf6 2.c4 e6 3.Nc3 Bb4 4.Qc2 d5 5.a3 Bxc3+ 6.Qxc3 O-O 7.Bg5 Nbd7 8.e3 c6
9.Nf3 b6 10.cxd5 cxd5 11.Ne5 Bb7 12.Bd3 Rc8 13.Qb3 Qc7 14.f4 Nxe5 15.fxe5 Ne4
16.Bf4 Qc1+ 17.Rxc1 Rxc1+ 18.Ke2 Rxh1 19.Qa4 Rg1 20.Qxa7 Bc6 21.Qxb6 Ba4
22.Bxe4 dxe4 23.Kf2 Rc1 24.Kg3 h6 25.Kh3 g5 26.Bg3 Bd1 27.Be1 h5 28.Bb4 Rfc8
29.Qd6 Kh7 30.Qe7 Rg8 31.d5 exd5 32.Qxf7+ Rg7 33.Qxd5 Bg4+ 34.Kg3 Bf5 35.e6
Rf1 36.h3 h4+ 37.Kh2 g4 38.hxg4 Rxg4 39.e7 Bg6 40.Qd7 {#r} 1-0

[Event "Ch World (seniors)"]
[Site "masterchessopen.com Naumburg (Germany)"]
[Date "2002.11.02"]
[Round "11"]
[White "Olsen Willy (NOR)"]
[Black "Barlo Werner (GER)"]
[Result "1-0"]
[WhiteElo "2036"]
[BlackElo "1902"]

1.d4 Nf6 2.c4 e6 3.Nc3 Bb4 4.Qc2 d5 5.a3 Bxc3+ 6.bxc3 Ne4 7.g3 c6 8.Bg2 Nd6
9.c5 Nc4 10.e4 b6 11.cxb6 axb6 12.Ne2 Nd7 13.O-O Ba6 14.Re1 O-O 15.e5 Bb5
16.a4 Ba6 17.h4 h6 18.Bh3 b5 19.f4 bxa4 20.f5 Re8 21.Nf4 exf5 22.Bxf5 Nf8
23.Rxa4 Bb5 24.Rxa8 Qxa8 25.Nh5 Re7 26.Bxh6 gxh6 27.Qc1 f6 28.Nxf6+ Kg7
29.Nh5+ Kf7 30.Qxh6 Ke8 31.Qh8 Qb7 32.Nf6+ Kf7 33.Qg8# 1-0

[Event "It (open)"]
[Site "masterchessopen.com Bad Woerishofen (Germany)"]
[Round "1"]
[White "Oud Niek (NED)"]
[Black "Feicht Roland (GER)"]
[Result "1-0"]
[WhiteElo "2125"]
[BlackElo "1817"]

1.d4 e6 2.c4 Nf6 3.Nc3 Bb4 4.Qc2 d5 5.a3 Bxc3+ 6.Qxc3 c6 7.Bg5 h6 8.Bh4 O-O
9.e3 g5 10.Bg3 Ne4 11.Qc2 f5 12.Nf3 Nd7 13.Bd3 Ndf6 14.Be5 Ng4 15.O-O Qe8
16.Ne1 Nxe5 17.dxe5 g4 18.f3 gxf3 19.gxf3 Ng5 20.h4 Nf7 21.f4 Kh7 22.Kh1 h5
23.Nf3 Nh6 24.Ng5+ Kh8 25.Be2 Ng4 26.Bxg4 hxg4 27.Kh2 dxc4 28.Qxc4 b5 29.Qc5
Rg8 30.Kg3 Bb7 31.Rad1 Rg6 32.Rd6 Rh6 33.Rfd1 Rc8 34.Rd8 Rxd8 35.Rxd8 Qxd8
36.Nf7+ {#r} 1-0

[Event "Tournament (open) \"]
[Site "masterchessopen.com Vitoria (Brazil)"]
[Date "2003.08.16"]
[Round "3"]
[White "Lage Sergio Correa Magalhaes (BRA)"]
[Black "Alves Rodrigo G"]
[Result "1-0"]
[WhiteElo "2015"]
[BlackElo "1800"]

1.d4 Nf6 2.c4 e6 3.Nc3 Bb4 4.Qc2 d5 5.a3 Bxc3+ 6.Qxc3 O-O 7.Bf4 Nc6 8.e3 Nh5
9.Bg3 Nxg3 10.hxg3 Re8 11.Bd3 g6 12.f4 b6 13.Nf3 Ne7 14.g4 f6 15.O-O-O dxc4
16.Bxc4 Nd5 17.Qe1 Re7 18.g5 f5 19.Ne5 a6 20.Nc6 Qd7 21.Nxe7+ Qxe7 22.Bxd5
exd5 23.Qc3 Bb7 24.Rh6 Rf8 25.Kb1 Rf7 26.g3 c5 27.dxc5 bxc5 28.Rd2 Qc7 29.Rdh2
Rd7 30.Rxg6+ {#r} 1-0

[Event "Ch Turkey"]
[Site "masterchessopen.com Kusadasi (Turkey)"]
[Date "2004.02.29"]
[Round "3"]
[White "Gazioglu Halit (TUR)"]
[Black "Gumustas Ilgaz (TUR)"]
[Result "1-0"]
[WhiteElo "2033"]
[BlackElo "1812"]

1.d4 Nf6 2.c4 e6 3.Nc3 Bb4 4.Qc2 d5 5.a3 Bxc3+ 6.bxc3 h6 7.Nf3 O-O 8.g4 c5
9.g5 hxg5 10.Bxg5 Nbd7 11.e3 Qa5 12.Bd3 dxc4 13.Bxc4 b5 14.Be2 cxd4 15.Nxd4
Bb7 16.Rg1 Kh8 17.Rb1 a6 18.Rb4 Qxa3 19.Nb3 Rfc8 20.Rh4+ Kg8 21.Bh6 Kf8
22.Rxg7 Ke7 23.Bg5 Kf8 24.Rhh7 Be4 25.Rxf7+ Ke8 26.Re7+ Kd8 27.Rxd7+ Ke8
28.Qxe4 Qxb3 29.Qg6+ {#r} 1-0

[Event "It (open)"]
[Site "masterchessopen.com Dos Hermanas (Spain)"]
[Date "2004.04.02"]
[Round "9"]
[White "Candela Perez Jose (ESP)"]
[Black "Gomez Feria Jose Maria (ESP)"]
[Result "1-0"]
[WhiteElo "2426"]
[BlackElo "1985"]

1.d4 Nf6 2.c4 e6 3.Nc3 Bb4 4.Qc2 d5 5.a3 Bxc3+ 6.Qxc3 dxc4 7.Qxc4 b6 8.Nf3 Bb7
9.Bf4 c6 10.g3 O-O 11.Bg2 Nd5 12.O-O Nxf4 13.gxf4 Qf6 14.Qc1 Rd8 15.e3 Nd7
16.Ne5 Nxe5 17.fxe5 Qg6 18.Qb1 Qg5 19.Kh1 Rac8 20.Rc1 Ba6 21.f4 Qh5 22.b4 Be2
23.Qe4 Rd5 24.Ra2 b5 25.f5 Bc4 26.Rf2 Rdd8 27.Qf4 g5 28.fxg6 Qxg6 29.Rg1 Kh8
30.Be4 Qxe4+ 31.Qxe4 Bd5 32.Qxd5 cxd5 33.Rxf7 a6 34.Rgg7 Rc1+ 35.Kg2 Rg8
36.Rxg8+ Kxg8 37.Re7 Rc3 38.Kf3 Rxa3 39.Rxe6 Kf7 40.Rh6 a5 41.bxa5 Rxa5
42.Rxh7+ Ke6 43.Rh6+ Kf5 44.h4 {#r} 1-0

[Event "Olympiad"]
[Site "masterchessopen.com Calvia (Spain)"]
[Date "2004.10.23"]
[Round "8"]
[White "Patriarca Luis (PAR)"]
[Black "Garcia Raul (AND)"]
[Result "1-0"]
[WhiteElo "2259"]
[BlackElo "2259"]

1.c4 Nf6 2.Nc3 e6 3.d4 Bb4 4.Qc2 d5 5.a3 Bxc3+ 6.bxc3 O-O 7.Bg5 Nbd7 8.e3 c5
9.cxd5 exd5 10.Bd3 h6 11.Bh4 b6 12.Nf3 Qc7 13.O-O Bb7 14.Rfc1 Rfe8 15.Qb2 Ne4
16.a4 c4 17.Bxe4 dxe4 18.Bg3 Qc8 19.Nd2 a6 20.Rcb1 Bd5 21.h3 Re6 22.Qc2 Qd8
23.Ra2 Rc8 24.Rab2 h5 25.Re1 Qe7 26.Kh1 Rcc6 27.Rg1 g5 28.Bh2 f5 29.Qc1 Nf8
30.Nb1 Qf7 31.Na3 Nd7 32.Nc2 a5 33.Na3 Re8 34.Nb5 Rd8 35.Nc7 Nf6 36.Nb5 Nd7
37.Qd2 Rf8 38.Bd6 Re8 39.Rgb1 Qe6 40.Kh2 f4 41.exf4 e3 42.Qxe3 Qxe3 43.fxe3
gxf4 44.Bxf4 Bf7 45.Nd6 Re6 46.Nxf7 Kxf7 47.Rb5 Nf8 48.d5 {#r} 1-0

[Event "Czech League 2004/05 (2nd) (a)"]
[Site "masterchessopen.com Czech Republic"]
[Date "2004.11.21"]
[Round "3"]
[White "Simak Pavel (CZE)"]
[Black "Chmelik David (CZE)"]
[Result "1-0"]
[WhiteElo "2106"]
[BlackElo "2147"]

1.d4 Nf6 2.c4 e6 3.Nc3 Bb4 4.Qc2 d5 5.a3 Bxc3+ 6.bxc3 O-O 7.Bg5 dxc4 8.e4 h6
9.Bh4 g5 10.Bg3 b5 11.h4 g4 12.h5 Bb7 13.f3 Nh7 14.Bh4 Ng5 15.e5 c5 16.Rd1
gxf3 17.gxf3 cxd4 18.cxd4 Nc6 19.Qb2 Qa5+ 20.Kf2 Qa4 21.Qc1 f6 22.exf6 Rxf6
23.Bxg5 hxg5 24.Qxg5+ Kf7 25.Be2 Rg8 26.Qc5 Ne7 27.h6 Rf5 28.Qc7 Qa6 29.h7 Rh8
30.Qg3 Qxa3 31.Nh3 Nd5 32.Ng5+ Kf6 33.Ne4+ Kf7 34.Nd6+ Ke7 35.Nxf5+ exf5
36.Qe5+ Kf7 37.Qb8 Qe3+ 38.Kf1 {#r} 1-0

[Event "It (open)"]
[Site "masterchessopen.com Malaga (Spain)"]
[Date "2005.02.20"]
[Round "2"]
[White "Nava Baro Enrique (ESP)"]
[Black "Javakhishvili Lela (GEO)"]
[Result "0-1"]
[WhiteElo "2217"]
[BlackElo "2410"]

1.d4 Nf6 2.c4 e6 3.Nc3 Bb4 4.Qc2 d5 5.a3 Bxc3+ 6.Qxc3 O-O 7.Nf3 b6 8.cxd5 Nxd5
9.Qc2 Ba6 10.g3 Nd7 11.b4 c5 12.dxc5 bxc5 13.Ng5 N5f6 14.bxc5 Qa5+ 15.Qd2
Qxd2+ 16.Bxd2 Nxc5 17.Bg2 Rac8 18.Be3 Ng4 19.Bf4 e5 20.Bf3 Nh6 21.Be3 Nf5
22.Ne4 Nb3 23.Rd1 Nfd4 24.Rb1 Rc2 25.Kd1 Rfc8 26.Nd6 R8c3 27.Bxd4 Rc1+ {#R}
0-1

[Event "Cup Federation (1/2 final)"]
[Site "masterchessopen.com Tula (Russia)"]
[Date "2005.03.11"]
[Round "2"]
[White "Koltsov Andrey (RUS)"]
[Black "Shensnovich Vladimir (RUS)"]
[Result "0-1"]
[WhiteElo "1991"]
[BlackElo "2132"]

1.d4 Nf6 2.c4 e6 3.Nc3 Bb4 4.Qc2 d5 5.a3 Bxc3+ 6.bxc3 O-O 7.Bg5 Nbd7 8.e3 h6
9.Bh4 b6 10.cxd5 exd5 11.Bd3 Re8 12.Bb5 Re6 13.Ne2 g5 14.Bg3 Bb7 15.h4 c6
16.hxg5 hxg5 17.Qf5 Ne4 18.Bd3 Qf6 19.Bxe4 dxe4 20.Qg4 Qg6 21.Rh5 Nf6 {#R} 0-1

[Event "It (open)"]
[Site "masterchessopen.com Sitges (Spain)"]
[Round "7"]
[White "Grigore George-Gabriel (ROM)"]
[Black "Lacasa Diaz Jose Antonio (ESP)"]
[Result "1-0"]
[WhiteElo "2460"]
[BlackElo "2420"]

1.d4 Nf6 2.c4 e6 3.Nc3 Bb4 4.Qc2 d5 5.a3 Bxc3+ 6.Qxc3 dxc4 7.Qxc4 b6 8.Nf3 Ba6
9.Qa4+ Qd7 10.Qc2 Qc6 11.Qxc6+ Nxc6 12.Bd2 O-O-O 13.e3 Bxf1 14.Rxf1 Ne4 15.Rc1
Kb7 16.Rxc6 Kxc6 17.Ne5+ Kb5 18.Nxf7 Rhf8 19.Nxd8 Rxd8 20.f3 Nxd2 21.Kxd2 e5
22.Kc3 exd4+ 23.exd4 Re8 24.Kd3 Kc6 25.Rc1+ Kd6 26.Rc2 Re1 27.Re2 Rd1+ 28.Ke4
a5 29.f4 Rh1 30.g3 Rd1 31.f5 Rf1 32.g4 a4 33.h4 h5 34.gxh5 Rh1 35.Kf4 Rf1+
36.Kg4 Rg1+ 37.Kh3 Rf1 38.Rg2 Rxf5 39.Rg6+ Ke7 40.Rxg7+ Kf8 41.h6 Rf6 42.Rxc7
Rxh6 43.Rc4 b5 44.Rc5 Rb6 45.Kg4 b4 46.Rc4 bxa3 47.bxa3 Rb3 48.Rxa4 Rd3 49.Kf5
{#r} 1-0

[Event "It (open)"]
[Site "masterchessopen.com Vlissingen (Netherlands)"]
[Date "2005.08.10"]
[Round "5"]
[White "Sasikiran Krishnan (IND)"]
[Black "Roeder Mathias (GER)"]
[Result "1-0"]
[WhiteElo "2663"]
[BlackElo "2415"]

1.d4 Nf6 2.c4 e6 3.Nc3 Bb4 4.Qc2 d5 5.a3 Bxc3+ 6.Qxc3 dxc4 7.Qxc4 b6 8.Nf3 Ba6
9.Qa4+ c6 10.Bg5 h6 11.Bh4 Qd5 12.Bxf6 gxf6 13.Rc1 Qa2 14.Qc2 Nd7 15.e4 Bxf1
16.Kxf1 c5 17.Ke2 cxd4 18.Nxd4 Ne5 19.f4 Rg8 20.g3 Rd8 21.Rhd1 {#r} 1-0